000 00471nam a2200181Ia 4500
001 1648
005 20260306143743.0
008 260306t2018||||xx |||||||||||||| ||spa||
041 _aESP
082 _a153.9
_bM86
100 _aMoraleja, Sara
_eAUT
245 0 _aEducar el talento:
_bguía para desarrollar nuevas habilidades en jóvenes y niños
260 _c2018
300 _a153 páginas :
_c23 cm.
650 _aGEN
654 _aCED
942 _cLIB
_dJUS
_fJUS
_2ddc
_n
999 _c1648
_d1648